Major Poppy Playtime characters - Statistics

General Stats
  • This quiz has been taken 19 times
  • The average score is 12 of 15
Answer Stats
Hint Answer % Correct
Chapter 1 Huggy Wuggy
100%
Little ginger Poppy
100%
Play Dough Doey
92%
Chapter 2 Mommy Long Legs
92%
Leave playcare.. CatNap
85%
No legs DogDay
85%
Doctor Harley Sawyer
85%
Cute doctor pet Yarnaby
85%
Jester guy The Prototype
77%
Little guy Giblet
69%
Statues Mrs Delight
69%
Statue game PJ
69%
Main critter dupe Baba Chops
62%
Hairy girl Lily Lovebraids
62%
Red ally Chum Chompkins
46%
No matching quizzes found
Score Distribution
Percent of People with Each Score
Percentile by Number Answered
Your Score History
You have not taken this quiz